Teoria geral do Novo Processo Civil Brasileiro

Bibliographic Details
Main Author: Ferraz Dal Pozzo, Antonio Araldo
Format: eBook
Language:Portuguese
Published: San Pablo: Editora ContraCorrente, 2016
Subjects:
Online Access:Acceso restringido

MARC

LEADER 00000nam a22000007a 4500
005 2019101505425.0
007 cr|||| ||||
008 191015s2016 br |||||s|||| 00||0 por d
020 |a 978-85-69220-12-1 
035 |a 30520 
040 |a vLex 
090 |c 9822  |d 9822 
100 1 |a Ferraz Dal Pozzo, Antonio Araldo 
245 1 0 |a Teoria geral do Novo Processo Civil Brasileiro  |h [Recurso electrn̤ico] /  |c Antonio Araldo Ferraz Dal Pozzo 
256 |a Servicio en ln̕ea 
260 |a San Pablo:  |b Editora ContraCorrente,  |c 2016 
300 |a 1 recurso electrn̤ico 
506 1 |a Disponible solo en los productos indicados  |d vLex Global  |d vLex Global (Academic Edition, excluding Law Schools)  |d vLex Global (U.S. Academic Edition, Law Schools)  |d vLex Global (U.S. Academic Edition, excluding Law Schools)  |d vLex Global (Academic Edition, Law Schools) 
650 0 4 |a Derecho Procesal  |z Brasil 
740 0 |a vLex Libros (Servicio en ln̕ea) 
856 4 0 |u http://vlex.com/source/teoria-geral-novo-processo-civil-brasileiro-30520  |z Acceso restringido 
942 |c BOOK 
999 0 |a Procedural law